000 00359nam a22001337a 4500
082 _a297.09 JAF
100 _aJafar Muhammad Ibn-e-Jareer Tabari
245 _aTareekh e Tabari (part 3)
260 _aKarachi
_bNafees Academy
_c2004
300 _a364p. :
_e27 cm
650 _aIslamic fundamentalism
700 _aJafar Muhammad Ibn-e-Jareer Tabari
942 _cBK
999 _c11713
_d11713